000 01346cam a22003857a 4500
003 CHAP
005 20220817041030.0
008 971013s1991 r 00010 d
010 _a4975
011 _a5947
035 _a5163
040 _cCHAP
090 _aFolleto 13801
100 0 0 _aAdams, Richard H., Jr.
_9866
245 4 _aThe effects of international remittances on poverty, inequality, and development in rural Egypt
260 _aWashington :
_bInternational Food Policy Research Institute,
_c1991
300 _a88 p.
410 _aInternational Food Policy Research Institute
490 0 _aResearch report
_v; 86
590 _aBATCH-UPD
_b10
_c20130110
_lUCH01
_h0301
590 _aBATCH-UPD
_b10
_c20130110
_lUCH01
_h1512
590 _aBATCH-UPD
_b10
_c20130409
_lUCH01
_h2333
590 _aBATCH-UPD
_b10
_c20130410
_lUCH01
_h1447
590 _aBATCH-UPD
_b10
_c20130913
_lUCH01
_h1925
590 _aCONVERSION
_b10
_c20130109
_lUCH01
_h1304
650 1 4 _aEgipto
_xCondiciones económicas.
_935757
650 1 4 _aEgipto
_xCondiciones rurales.
_935758
650 1 4 _aEmigración e inmigración.
_936517
650 1 4 _aPobreza.
_989463
810 _aInternational Food Policy Research Institute
830 0 _aResearch report
_v; 86
_996080
901 _aBK
942 _cFOLL
949 _aFolleto 13801
_bBC
_cFOLL
_d-14730
_eTS1
_i5163
_mD
_si
999 _c4975
_d4975